00446nam a2200169Ia 4500008004100000020001800041050001400059100002200073245006600095250001900161260001500180260002200195260000900217300001500226300002500241300001000266180207s9999 xx 000 0 und d a9780027623628 bW595 1992 aWhitfield, Philip aChildren's guide to dinosaurs and other prehistoric animals / aFirst edition. aNew York : bSimon & Schuster, c1992 a96 pages : bcolor illustration ; c29cm.